000 00619nam a2200229Ia 4500
003 OSt
005 20220923230302.0
006 a|||||r|||| 00| 0
007 ta
008 Pun
024 _a279,126
037 _cTextual
040 _aARTS
_cARTS
_bPun
041 _2Pun
_aPun
082 _aO153,1N11x, J6
100 _aਸਿੰਘ, ਨਰੇੰਦਰਪਾਲ
_9156270
245 0 _aਕਿੱਲ ਤੇ ਕਾਮੇ
260 _c1956
650 _aਪੰਜਾਬੀ ਸਾਹਿਤ
942 _hO153,1N11x, J6
_cTEXL
_2CC
999 _c383674
_d383674